000
00288nam a2200121Ia 4500
008
191201s2012 xx 000 0 und d
100
_a
BAJAJ, Benu
245
0
_a
Applied mathematics Vol-1
250
_a
1st
260
_c
2012
_b
NORTH PUB.
_a
NEW DELHI
300
_a
264
942
_2
ddc
_c
BK
_0
11
999
_c
8076
_d
8076